MARC

LEADER 00000nlm0a2200000 4500
001 242883
005 20231101231929.0
035 |a (RuTPU)RU\TPU\book\264205 
090 |a 242883 
100 |a 20130912d2014 m y0rusy50 ca 
101 0 |a rus 
102 |a RU 
105 |a y j 000zy 
135 |a vocna---uucaa 
181 0 |a i  
182 0 |a b 
200 1 |a Общая электротехника  |b Электронный ресурс  |e учебное пособие для бакалавров  |f И. А. Данилов 
203 |a Текст  |c электронный 
205 |a 2-е изд. 
210 |a Москва  |c Юрайт  |d 2014 
215 |a 1 Мультимедиа CD-ROM 
225 1 |a Бакалавр. Базовый курс 
225 1 |a Бакалавр. Углубленный курс 
225 1 |a Электронные учебники издательства Юрайт 
230 |a Мультимедиа ресурсы (10 директорий; 100 файлов; 740MB) 
300 |a Электронная копия печатного издания 
333 |a Режим доступа: из корпоративной сети ТПУ 
337 |a Pentium 100 MHz, 16 Mb RAM, Windows 95/98/NT/2000, CDROM, SVGA, звуковая карта, Internet Explorer 5.0 и выше 
606 1 |a Электротехника общая  |2 stltpush  |3 (RuTPU)RU\TPU\subj\20906  |9 45967 
610 1 |a цепи постоянного тока 
610 1 |a электромагнетизм 
610 1 |a магнитные цепи 
610 1 |a электрические цепи 
610 1 |a резонансные явления 
610 1 |a цепи переменного тока 
610 1 |a расчет 
610 1 |a переходные процессы 
610 1 |a электрические машины переменного тока 
610 1 |a электрические машины постоянного тока 
610 1 |a трехфазные системы 
610 1 |a трансформаторы 
610 1 |a электрические измерения 
610 1 |a электроизмерительные приборы 
610 1 |a учебные пособия 
610 1 |a CD-ROM 
675 |a 621.3(075.8)  |v 3 
700 1 |a Данилов  |b И. А.  |g Илья Александрович 
801 1 |a RU  |b 63413507  |c 20130912 
801 2 |a RU  |b 63413507  |c 20130926  |g RCR 
856 4 |u http://www.lib.tpu.ru/fulltext2/m/2013/FN/fn-2441.pdf 
900 |a Общая электротехника 
942 |c CF